Постановление ГКО СССР № 4154 сс о проектировании и изготовлении 76-мм авиационных пушек, с приложением тактико-технических треб...

RUSMARC
00005611cbm0a2200337#x 450
0010d99bda3-fe1a-4226-a049-97f78debf105
00520250526105035.0
100##$a20250523j19430917k###0rusy50 ca
1010#$arus
102##$aRU
105##$ay###z########
1220#$ad19430917##
2001#$aПостановление ГКО СССР № 4154 сс о проектировании и изготовлении 76-мм авиационных пушек, с приложением тактико-технических требований на разработку проекта и изготовление авиационной крупнокалиберной автоматической пушки с использованием динамически-реактивного принципа ДРП и списка конструкторов, ранее работавших по проектированию орудий ДРП, подлежащих переводу в ЦАКБ Наркомата вооружения в специальный отдел по проектированию реактивно-динамических пушек (ДРП)
$j17 сентября 1943 г.
251##$cДокумент
300##$aРассылочный и подлинный экземпляры
461#0$12001
$aФ. 644
$1251
$cФонд
$1852
$j644
462#0$12001
$aОп. 1
$1251
$cОпись
$1852
$j1
60101$2nlr_sh
$3RU\NLR\AUTH\661357733
$aСССР
$bГосударственный Комитет Обороны
$xИстория
$jДокументы и материалы
605##$2prlib_sh
$3LIBNET\UAF\0000088514
$aВторая мировая война в архивных документах (Комплекс оцифрованных архивных документов, кино- и фотоматериалов)
$lколлекция
605##$2acquisition_Prlib
$3DITM\AF\0000002775
$aВласть
$lколлекция
6061#$2nlr_sh
$3RU\NLR\AUTH\661280795
$aВеликая Отечественная война
$z1941 - 1945
$xТыл(воен.)
$jДокументы и материалы
6061#$2nlr_sh
$3RU\NLR\AUTH\661454833
$aАвиационное вооружение
$z1939 - 1945
$jДокументы и материалы
6061#$2nlr_sh1
$3RU\NLR\AUTH\66113833
$aАвиационные пушки
$xПроизводство
$jДокументы и материалы
686##$a63.3(2)622,12ю1
$vLBC/M
$2rubbk
686##$a65.03(2)622ю1
$vLBC/M
$2rubbk
686##$a68.521.2-1(2)ю1
$vLBC/M
$2rubbk
801#0$aRU
$bПБ им. Б.Н. Ельцина
$c20250523
801#1$aRU
$bПБ им. Б.Н. Ельцина
$c20250523
$2rusmarc
801#2$aRU
$bПБ им. Б.Н. Ельцина
$c20250526
$2rusmarc
850##$aРоссийский государственный архив социально-политической истории
852##$aРГАСПИ
$jД. 152. Л. 64-70; Оп. 2. Д. 215. Л. 72-77
035##$aLIBNET\0001475420
937##$d196753887
$hФедеральное архивное агентство
8564#$uhttp://readingroom.main.prlib.ru/item.aspx?id_node=n196753887&mode=full
Формат отображения